|
|
|
|
| LEADER |
00847nam a2200217 a 4500 |
| 001 |
c000057434 |
| 003 |
CARM |
| 005 |
00000000000000.0 |
| 008 |
861203s1954 enka 00010 eng d |
| 019 |
1 |
|
|a 4881509
|z 8734296
|z 27286461
|z 57440083
|5 LACONCORD2021
|
| 035 |
|
|
|a (OCoLC)2143087
|5 LACONCORD2021
|
| 040 |
|
|
|a NNX
|c NNX
|
| 100 |
1 |
|
|a Sitwell, Osbert,
|d 1892-1969.
|
| 245 |
1 |
4 |
|a The four continents :
|b being more discursions on travel, art and life /
|c by Osbert Sitwell.
|
| 260 |
|
|
|a London :
|b Macmillan,
|c 1954.
|
| 300 |
|
|
|a 281 p. :
|b ill. ;
|c 22 cm.
|
| 650 |
|
0 |
|a Voyages and travels.
|
| 852 |
8 |
|
|b CARM
|h A2:AO16G0
|i A01067
|p 0110363
|f BK
|
| 082 |
0 |
4 |
|a 824.912
|2 19
|
| 999 |
f |
f |
|i 4bf47128-3c47-5199-aafa-8785ae6357b5
|s 854fe353-6ad6-5388-a357-f89192e89839
|
| 952 |
f |
f |
|p Can circulate
|a CAVAL
|b CAVAL
|c CAVAL
|d CARM 1 Store
|e A01067
|f A2:AO16G0
|h Other scheme
|i book
|m 0110363
|